Maiores Países Campeões da UEFA Champions League - Statistics

Estatísticas Gerais
  • Esse quiz foi jogado 179 vezes
  • A pontuação média é 8 de 10
Estatísticas das Respostas
N° de títulos País % Correto
19 Espanha
99%
15 Inglaterra
99%
12 Itália
99%
8 Alemanha
96%
4 Portugal
94%
6 Países Baixos
91%
1 França
88%
1 Escócia
63%
1 Romênia
51%
1 Iugoslávia
39%
Nenhum quiz correspondente encontrado
Distribuição das Pontuações
Porcentagem de Pessoas com Cada Pontuação
Percentil de Números Respondidos
Sua Pontuação Histórica
Você não jogou esse quiz